Normal view
MARC view
- Betham-Edwards, Matilda
Entry Personal Name
001 - CONTROL NUMBER
- control field: 50588
003 - CONTROL NUMBER IDENTIFIER
- control field: NUST
005 - DATE AND TIME OF LATEST TRANSACTION
- control field: 20210314134703.0
008 - FIXED-LENGTH DATA ELEMENTS
- fixed length control field: 210314|| aca||aabn | a|a d
040 ## - CATALOGING SOURCE
- Original cataloging agency: NUST
- Transcribing agency: NUST
100 ## - HEADING--PERSONAL NAME
- Personal name: Betham-Edwards, Matilda
670 ## - SOURCE DATA FOUND
- Source citation: Work cat.: (NUST): Young, Arthur, 50586, Travels in France by Arthur Young during the years 1787, 1788, 1789., 1889.
